LEADER 01175nam a2200265 i 4500 001 000000112959 003 CaOOAMICUS 005 20030310000000.0 008 030310s1989 it u000 u ita u 013 $a85643 020 $a88-384-1403-3 040 $aSeMil$bita 100 1 $aMaximus : Taurinensis .$0(OLS)http://semarc/name/12929 245 13$aLa vita cristiana :$besperienza di comunione con Dio e con i fratelli : sermoni /$c[san Massimo] ; a cura di Luigi Padovese. 260 $aCasale Monferrato (AL) :$bPiemme,$c1989. 300 $a431 p. ;$c22 cm. 500 $aFondo Card. C.M. Martini. 700 1 $aPadovese, Luigi,$c.$0(OLS)http://semarc/name/5050 850 $aSeMil 852 $aSeMil$W1$xVenegono$y1$m2T III 186$j68676$B68676$CSeMilBibl$Z2$F75314 $81 941 1 $a4 961 $aOmaggio: Martini Card. Carlo Maria 996 $6020$a88-384-1403-3$9(OLS)http://semarc/number/95714 996 $6245$aLa vita cristiana :$besperienza di comunione con Dio e con i fratelli : sermoni$9(OLS)http://semarc/title/164801 996 $6260$aCasale Monferrato (AL) :$bPiemme$9(OLS)http://semarc/publisher/30052 LEADER 01387nam a2200265 i 4500 001 000000171489 003 CaOOAMICUS 005 20080430000000.0 008 080430s1978 it u000 u ita u 013 $a148920 040 $aSeMil$bita 100 1 $aAnfossi, Alberto Carlo.$0(OLS)http://semarc/name/64138 245 13$aLe Riforme Amministrative all'epoca del Cardinale Antonelli /$cCandidato: Alberto Carlo Anfossi ; Relatore: Ch.mo Prof. Adriana Petracchi Maistri. 260 $a[S.l. :$bs.n.,$c1978] 300 $aXVII, 149, XXXIII c. ;$c30 cm. 500 $aIn testa al front. : Universitā Cattolica del Sacro Cuore, Milano, Facoltā di Scienze Politiche, indirizzo politico economico. - A pič del front. : Anno Accademico 1977-'78. - Contiene : Appendice documentaria. - Fondo Card. Giovanni Colombo. 600 14$aAntonelli, Giacomo .$0(OLS)http://semarc/subject/10003 650 4$aTesi di laurea.$0(OLS)http://semarc/subject/1690 700 1 $aPetracchi Maistri, Adriana.$0(OLS)http://semarc/name/64139 850 $aSeMil 852 $aSeMil$W1$xVenegono$y1$m4X VI 10$j122358$B122358$CSeMilBibl$Z2$F133653 $8L 941 1 $a3 961 $aLascito: Colombo Card. Giovanni 996 $6245$aLe Riforme Amministrative all'epoca del Cardinale Antonelli$9(OLS)http://semarc/title/245344 996 $6260$a[S.l. :$bs.n.$9(OLS)http://semarc/publisher/31686